Sports Quiz

Random Sports or NFL Quiz
Score 0/16 Timer 05:00
0 Plays Today
Hint Answer % Correct
Passing Yards (Week 7)Peyton Manning
98.7%
Passing Yards (Week 7)Matthew Stafford
93.6%
Passing Yards (Week 7)Andy Dalton
91.9%
Receiving Yards (Week 7)Calvin Johnson
90.1%
Receiving Yards (Week 7)A.J. Green
86.3%
Rushing Yards (Week 7)Marshawn Lynch
85.1%
Rushing Yards (Week 7)Matt Forte
81.7%
Rushing Yards (Week 7)Alfred Morris
72.6%
Hint Answer % Correct
Passing Yards (Week 7)Jake Locker
70.5%
Rushing Yards (Week 7)Ryan Mathews
70.1%
Receiving Yards (Week 7)Eric Decker
68.5%
Receiving Yards (Week 7)Vincent Jackson
68.5%
Passing Yards (Week 7)Chad Henne
67%
Rushing Yards (Week 7)Le'Veon Bell
66.5%
Rushing Yards (Week 7)Chris Ivory
54.3%
Receiving Yards (Week 7)Harry Douglas
49%
Remove Ads.
Support Sporcle.
Get the best of Sporcle when you Go Orange. This ad-free experience offers more features, more stats, and more fun while also helping to support Sporcle. Thank you for becoming a member.

You're not logged in!

Compare scores with friends on all Sporcle quizzes.
OR
Log In

Show Comments

Extras

Top Quizzes Today


Score Distribution

Your Account Isn't Verified!

In order to create a playlist on Sporcle, you need to verify the email address you used during registration. Go to your Sporcle Settings to finish the process.

Report this User

Report this user for behavior that violates our Community Guidelines.

Details: